| 000 | 00606nam a2200193 i 4500 | ||
|---|---|---|---|
| 001 | 117966 | ||
| 003 | ES-MaACL | ||
| 005 | 20250828062536.0 | ||
| 007 | t| | ||
| 008 | 070214s1967 sp |||| | spa d | ||
| 100 | 1 |
_aPeretti, Marcello. _990536 |
|
| 245 | 1 | 3 |
_aEl concepto de cultura educativa _b: (ensayo de pedagogía teorética) / _cMarcello Peretti ; versión de José Zahonero Vivó. |
| 260 |
_aAlcoy : _bMarfil, _c1967. |
||
| 300 |
_a158 p. ; _c21 cm. |
||
| 650 | 7 |
_aEducación _2embne _912073 |
|
| 700 | 1 |
_aZahonero Vivó, José. _9117851 |
|
| 852 |
_aES-MaACL _jC-33613 |
||
| 999 |
_c117966 _d117966 |
||